000 00615nam a22001217a 4500
008 110616t xxu||||| |||| 00| 0 eng d
010 _aCACAF46
245 _aCourt of Appeal Criminal Appeal NO.37 OF 2000 Mwebaze Benjamine Vs Uganda
260 _c2000
500 _aCoram: Hon. Lady Justice L.E.M. Mukasa-Kikonyogo,DCJ Hon. Mr. Justice J.P. Berko, JA. Hon. Lady Justice C.N.B. Kitumba, JA
999 _c3080
_d3080